000
00277nam a2200121Ia 4500
008
190216s9999||||xx |||||||||||||| ||und||
100
_a
Skaria P P
245
0
_a
Micro Economic Analysis
260
_b
Vrindavan Pub
_c
1998
300
_a
328p
650
_a
Economics
942
_c
BK
999
_c
10352
_d
10352